Príprava štruktúrnych analógov spirooxepínizoxazolínovej časti psammaplyzínov

Uložené v:
Podrobná bibliografia
Hlavný autor: Berzáková, Stanislava (Autor)
Ďalší autori: Ďurina, Lukáš (Vedúci práce)
Médium: Rukopis Kniha
Jazyk:Slovak
Vydavateľské údaje: 2024
Predmet:
On-line prístup:http://is.stuba.sk/zp/portal_zp.pl?podrobnosti=176602
Tagy: Pridať tag
Žiadne tagy, Buďte prvý, kto otaguje tento záznam!

MARC

LEADER 00000ntm a22000003a 4500
001 stuzp99306
003 SK-STU
005 20240601210619.4
007 ta
008 150427s2015----xo-----f-mn---000-0-slo-d
040 |a STU  |b slo 
041 0 |a slo 
100 1 |a Berzáková, Stanislava  |u 048140  |4 aut  |U FCHPT Ústav organickej chémie, katalýzy a petrochémie  |T FCHPT Oddelenie organickej chémie  |X 104760  |U C8140  |Y 124  |7 104760 
242 0 1 |a Preparation of structural analogues of the spirooxepinisoxazoline part of psammaplysins  |y eng 
245 1 0 |a Príprava štruktúrnych analógov spirooxepínizoxazolínovej časti psammaplyzínov 
260 |c 2024 
650 4 |a psammaplyzíny  |2 slo 
650 4 |a spiroizoxazolíny  |2 slo 
650 4 |a spiroizoxazolidíny.  |2 slo 
650 4 |a spiroizoxasolines  |2 eng 
650 4 |a spiroizoxasolidines  |2 eng 
650 4 |a psammaplysins  |2 eng 
700 1 |a Ďurina, Lukáš  |u 048140  |k Z1  |4 ths  |U FCHPT Ústav organickej chémie, katalýzy a petrochémie  |T FCHPT Oddelenie organickej chémie  |X 64975  |U C8140  |Y 124  |7 64975 
856 4 |u http://is.stuba.sk/zp/portal_zp.pl?podrobnosti=176602